MARC보기
LDR00000nam c2200205 k 4500
001000000338732
00520250807103126
007ta
008250729s2009 ggkad r 001a kor
020 ▼a 9788934936213 ▼g 03400 : ▼c \16800
040 ▼a 248032 ▼c 248032 ▼d 248032
0411 ▼a kor ▼h eng
0490 ▼l EM111183 ▼l EM111184 ▼c 2 ▼l EM111185 ▼c 3
056 ▼a 204.4 ▼2 4
090 ▼a 204.4 ▼b 콜298ㅅ
24520 ▼a 신의 언어 : ▼b 유전자 지도에서 발견한 신의 존재 / ▼d 프랜시스 S. 콜린스 지음; ▼e 이창신 옮김
24611 ▼a The Language of God : ▼b A Scientist Presents Evidence for Belief
250 ▼a 1판
260 ▼a 파주 : ▼b 김영사, ▼c 2009
300 ▼a 323 p. : ▼b 삽화, 표 ; ▼c 22 cm
500 ▼a 원저자명 : Francis S.Collins
504 ▼a 색인(p. 316-323) 수록
546 ▼a 영어 원작을 한국어로 번역
653 ▼a 과학 ▼a 과학이론 ▼a 종교(신앙)
7001 ▼a 콜린스, 프랜시스 S., ▼e 저
7001 ▼a 이창신, ▼e 옮김
90011 ▼a Collins, Francis S.
9500 ▼b \16800
990 ▼a 관리자2 ▼b 관리자2